| 000 | 00461nam a2200157 u 4500 | ||
|---|---|---|---|
| 001 | 000022148 | ||
| 005 | 20200930011613.0 | ||
| 008 | 090727s19uu dr r 001 0 spa d | ||
| 040 |
_aDO-SdBNP _bspa _cBNPHU |
||
| 082 |
_axxxx _bxxxx |
||
| 100 | 1 |
_aPatrocinio, Luis _945848 |
|
| 245 | 1 | 0 |
_aEnrique Blanco : _bel rebelde solitario / _cLuis Patrocinio. |
| 260 |
_a[Santo Domingo] : _b[s.n.]., _c[198]. |
||
| 300 |
_a100 p. ; _c21 cm. |
||
| 590 | _aInventariado, 2019/BT | ||
| 999 |
_c21646 _d21646 |
||